| 000 | 00524nam a22001817a 4500 | ||
|---|---|---|---|
| 003 | OSt | ||
| 005 | 20140310181754.0 | ||
| 008 | 130629t xxu||||| |||| 00| 0 eng d | ||
| 020 | _a9716300549 | ||
| 050 |
_aPL 5535 _b.B641 1996 |
||
| 082 |
_aFIL 899.2103 _bB59 1996 |
||
| 100 | _aBlanco, Marivi Soliven | ||
| 245 |
_aThe Case of the crime-catching camcorder / _cMarivi Soliven Blanco. |
||
| 260 |
_aManila : _bTahanan Books for Young Readers, _c1996. |
||
| 300 |
_a76 p. : _c20 cm. |
||
| 942 |
_2lcc _cBK |
||
| 999 |
_c3367 _d3367 |
||